000 00371nam a2200145Ia 4500
008 230312s9999||||xx |||||||||||||| ||und||
020 _a81-203-2760-3
082 _a621.382
_bOGA-D
100 _aOgata;Katsuhiko
245 0 _aDiscrete-Time Control Systems
260 _bPHI
_aIndia
_c2007
300 _a745
650 _aEngineering
_vElectrical Engineering
942 _cBK
999 _c10534
_d10534